| 000 | 01311cam a2200325 a 4500 | ||
|---|---|---|---|
| 001 | 17064125 | ||
| 003 | OSt | ||
| 005 | 20230606115903.0 | ||
| 008 | 111201s2011 ke ab b 000 0 eng | ||
| 010 | _a 2011343834 | ||
| 020 | _a9966411593 | ||
| 040 |
_aDLC _cDLC _dDLC |
||
| 042 |
_alcode _apcc |
||
| 043 | _af-ke--- | ||
| 082 |
_a352.14 _bWER |
||
| 100 | 1 |
_aWerner, M. C. M. _q(Marcel C. M.) |
|
| 245 | 1 | 0 |
_aKenya's urban development in the 21st century : _bthe call for innovative initiatives from local authorities / _cMarcel C. Werner, Viola A. Otieno, Judi W. Wakhungu. |
| 250 | _a1st ed. | ||
| 260 |
_aNairobi : _bDevelopment Trust Innovation Africa and African Centre for Technology Studies, _c2011. |
||
| 300 |
_axii, 108 p. : _bcol. ill., col. maps ; _c27 cm. |
||
| 504 | _aIncludes bibliographical references (p. 107-108). | ||
| 650 | 0 |
_aLocal government _zKenya. |
|
| 651 | 0 |
_aKenya _xPolitics and government _y21st century. |
|
| 700 | 1 | _aOtieno, Viola A. | |
| 700 | 1 |
_aWakhungu, Judi Wangalwa, _d1962- |
|
| 856 | 4 | 1 |
_3Table of contents only _uhttp://www.loc.gov/catdir/toc/fy13pdf02/2011343834.html |
| 906 |
_a7 _bcbc _corigode _d3 _encip _f20 _gy-gencatlg |
||
| 942 |
_2ddc _cBK |
||
| 999 |
_c637 _d637 |
||